Arcane Odyssey all magics (updated) - Statistics

General Stats
  • This quiz has been taken 15 times
  • The average score is 25 of 29
Answer Stats
Picture Answer % Correct
Acid
100%
Crystal
100%
Earth
100%
Explosion
100%
Fire
100%
Glass
100%
Ice
100%
Light
100%
Metal
100%
Plasma
100%
Sand
100%
Snow
100%
Water
100%
Wind
100%
Wood
100%
Ash
89%
Lightning
89%
Magma
89%
Phoenix
89%
Gravity
78%
Poison
78%
Shadow
78%
Aether
67%
Flare
67%
Ancient Lightning
56%
Diamond
56%
Heat
56%
Poison Lightning
56%
Aether Lightning
44%
No matching quizzes found
Score Distribution
Percent of People with Each Score
Percentile by Number Answered
Your Score History
You have not taken this quiz